На Днепре. Т. 1 (Запись № 8061937)

Подробности
000 -МАРКЕР
контрольное поле 01075nam2a22002411 4500
001 - ИДЕНТИФИКАТОР ЗАПИСИ
контрольное поле rc\4280179
005 - ИДЕНТИФИКАТОР ВЕРСИИ
контрольное поле 20250612035726.0
035 ## - ДРУГИЕ СИСТЕМНЫЕ НОМЕРА
Идентификатор записи (NLR Aleph) 008493088
100 ## - ДАННЫЕ ОБЩЕЙ ОБРАБОТКИ
Данные общей обработки 20130416d1960 |||y0rusy50 ca
101 1# - ЯЗЫК РЕСУРСА
Язык текста, звукозаписи и т.д. русский
Язык оригинала идиш
102 ## - СТРАНА ПУБЛИКАЦИИ ИЛИ ПРОИЗВОДСТВА
Страна публикации Российская Федерация
105 ## - ПОЛЕ КОДИРОВАННЫХ ДАННЫХ: ТЕКСТОВЫЕ МАТЕРИАЛЫ, МОНОГРАФИЧЕСКИЕ
Кодированные данные о монографическом текстовом документе c z |||||
200 0# - ЗАГЛАВИЕ И СВЕДЕНИЯ ОБ ОТВЕТСТВЕННОСТИ
Основное заглавие Т. 1
Первые сведения об ответственности Пер. Б.Х. Черняка
210 ## - ПУБЛИКАЦИЯ, РАСПРОСТРАНЕНИЕ И ДР.
Место издания, распространения и т.д. Москва
Имя издателя, распространителя и т. д. Гослитиздат
Дата издания, распространения и т.д. 1960
215 ## - ФИЗИЧЕСКАЯ ХАРАКТЕРИСТИКА
Специфическое обозначение материала и объем 423 с., 1 л. портр.
461 #0 - УРОВЕНЬ НАБОРА
Встроенное поле 001rc\4280178
-- 2001#$aНа Днепре$eРоман$eВ 2 т.$eПер. с евр.$f[Послесл. Э. Казакевича]. Т. 1-2$vТ. 1
-- 700#1$aБергельсон$bД.Р.$f1884-1952$gДавид Рафаилович
Системный номер (АБИС) связанной записи 8061934
Автор Бергельсон, Д.Р. (1884-1952)
Место публикации Москва
Дата публикации 1960
Первые сведения об ответственности [Послесл. Э. Казакевича]. Т. 1-2
Имя издателя, распространителя и т.д. Гослитиздат
Сведения, относящиеся к заглавию Роман : В 2 т. : Пер. с евр.
Физическая характеристика 2 т.
Заглавие На Днепре
Номер тома Т. 1
702 #1 - ИМЯ ЛИЦА - ВТОРИЧНАЯ ОТВЕТСТВЕННОСТЬ
Начальный элемент ввода Черняк
Часть имени, кроме начального элемента ввода Б.Х.
Код отношения Переводчик
801 #0 - ИСТОЧНИК ЗАПИСИ
Страна Российская Федерация
Организация NLR
Правила каталогизации psbo
801 #1 - ИСТОЧНИК ЗАПИСИ
Страна Российская Федерация
Организация ELAR
Источник данных rusmarc
852 ## - МЕСТОНАХОЖДЕНИЕ И ШИФР ХРАНЕНИЯ
Идентификатор организации NLR
Шифр хранения (Call Number) 60-3/2719
942 ## - ДОПОЛНИТЕЛЬНЫЕ ЭЛЕМЕНТЫ ЗАПИСИ (АБИС)
Тип экземпляра АБИС Книга
980 ## - КОЛЛЕКЦИЯ
Название коллекции Национальная библиография
Экземпляры
Тип экземпляра Дата поступления Библиотека постоянного хранения Библиотека текущего хранения Место хранения Шифр хранения Штрих-код Статус экземпляра
Книга 26.10.2013 РНБ (Московский) РНБ (Московский) Русский книжный фонд: издания с 1957 года 60-3/2719 8493088-10